000 00359nam a2200157Ia 4500
008 200103s9999||||xx |||||||||||||| ||und||
020 _a114002975
040 _aIMU-MPC
082 _aColumn-5
100 _aHMSO London
245 4 _aThe marine observer's handbook
250 _a10th ed.
260 _bHMSO London
_c1977
300 _avii, 157
942 _cBK
999 _c3453
_d3453